| 000 | 00462nam a2200157 i 4500 | ||
|---|---|---|---|
| 001 | 52699 | ||
| 003 | ES-MaACL | ||
| 005 | 20230906162629.0 | ||
| 007 | t| | ||
| 008 | 030903q1905 fr ||||1| fre d | ||
| 100 | 1 |
_aDebax, Félix-Lucien-Roger. _9160458 |
|
| 245 | 1 | 2 |
_aL'Enseignement de la gymnastique dans l'armée / _cCapitaine Debax. |
| 260 |
_aParis : _bH. Charles-Lavauzelle, _c[1905?] |
||
| 300 |
_a100 p. : _bil. ; _c22 cm. |
||
| 852 |
_aES-MaACL _jB-12492 |
||
| 999 |
_c52699 _d52699 |
||